Responses for show #6379 - Thursday, May 17, 2012

2012 Power Players Week game 4.
From DAR Constitution Hall in Washington, D.C.

Contestants

Lewis Black, a stand-up comedian from Lewis Black's Root of All Evil

Clarence Page, a journalist from The Chicago Tribune

Chuck Todd, a journalist and chief White House correspondent from NBC News and Meet the Press

Jeopardy! Round responses

THE DAILY RUNDOWN
ART & ARTISTS
SUPER PACKS
PAGE TURNERS
THE CONGRESSIONAL RECORD
FADE TO "BLACK"
    $200 1
Monday Night Football

Clarence
    $200 12
Andrew Jackson

Chuck
    $200 13
duffle

Lewis
    $200 2
Soldier, Spy

Clarence
    $200 17
Sonny Bono

Clarence
    $200 3
black comedies

Chuck
    $400 4
(Clarence: Uh... [laughs] brain lock. Uh, what i--)

Sheryl Crow

Clarence
Triple Stumper
    $400 18
Renoir

Lewis
    $400 14
a garment bag

Triple Stumper
    $400 11
Deadwood

Triple Stumper
    $400 20
Hannukah

Chuck
    $400 8
Back in Black

Chuck
    $600 5
Lent

Chuck
    $600 19
a buffalo

Clarence
    $600 15
Dr. No

Lewis
    $600 21
[The end-of-round signal sounds.]

the barbershop quartet

Clarence
    $600 9
Blackbeard

Chuck
    $1,000 6
(Chuck: What is remembrance?)

thanksgiving

Chuck
    $800 16
(Alex: About a minute to go now.)

Scott Turow

Clarence
    $800 10
(Lewis: Uh, who are the Black Crows?)

the Blackfeet

ClarenceLewis
    $1000 7
Friday the 13th

Chuck

Scores at the first commercial break (after clue 11):

Chuck Clarence Lewis
$1,800 $800 -$800

Scores at the end of the Jeopardy! Round:

Chuck Clarence Lewis
$2,400 $3,000 $400

Double Jeopardy! Round responses

STOP THE PRESSES!
THE NEW YORK TIMES MOVIES
POLITICAL NICKNAMES
"DAR"
CONSTITUTION
HAUL
    $400 2
the Encyclopaedia Britannica

Lewis
    $400 1
Dracula

Chuck
    $400 7
Joe McCarthy

Chuck
    $400 16
darling

Chuck
    $400 21
Switzerland

Triple Stumper
    $400 22
a net

Chuck
    $800 3
Amazon

Clarence
    $800 4
Moneyball

Lewis
    $800 10
Calvin Coolidge

Clarence
    $800 17
darts

Chuck
    $800 26
the United States

Chuck
    $800 23
garbage

Lewis
    $1200 6
Seattle

Clarence
    $1200 5
Psycho

Chuck
    $1200 11
Mr. Rayburn

Chuck
    $1200 18
Darwin

Chuck
    $3,000 27
Hirohito

Chuck
    $1200 24
(Chuck: What is a convoy?)

a long haul

Chuck
Triple Stumper
    $2,200 8
News of the World

Chuck
    $1600 14
the Three Musketeers

Clarence
    $1600 12
Henry Waxman

Chuck
    $1600 19
a dark horse

Chuck
    $1600 28
India

Lewis
    $1600 25
(Alex: Minute to go now.)

schlep

Clarence
    $2000 9
The Rocky Mountain News

Chuck
    $2000 15
(Clarence: Who is Dillinger?)

J. Edgar

Clarence
Triple Stumper
    $2000 13
Henry Clay

Lewis
    $2000 20
(Man in audience: Nice!)
[Cheers and applause]
(Alex: Your brother's in the audience.)
(Lewis: Oh, yeah, my mother's here, and she is not happy.)

the Dardanelles

Lewis
    $2000 29
[The end-of-round signal sounds.]

Dr. Livingstone

Clarence

Scores at the end of the Double Jeopardy! Round:

Chuck Clarence Lewis
$18,400 $9,000 $8,000
(lock game)

[wagering suggestions for these scores]

Final Jeopardy! Round responses

SPORTING EVENTS
LewisWhat is the U.S. Open
$8,000
ClarenceWhat is baseball?
$2,000
ChuckWhat is the U.S. Open
$300
the Kentucky Derby

Final scores:

Chuck Clarence Lewis
$18,100 $7,000 $0
Winner: $50,000 to Samaritan Inns 2nd place: $10,000 to the American Institute for Stuttering 3rd place: $10,000 to the 52nd St. Project and the Cystic Fibrosis Foundation

Game dynamics:

Coryat scores:

Chuck Clarence Lewis
$17,000 $9,000 $8,000
21 R
(including 2 DDs),
2 W
(including 1 DD)
13 R,
2 W
9 R,
1 W

Combined Coryat: $34,000

The J! Archive is created by fans, for fans. The Jeopardy! game show and all elements thereof, including but not limited to copyright and trademark thereto, are the property of Jeopardy Productions, Inc. and are protected under law. This website is not affiliated with, sponsored by, or operated by Jeopardy Productions, Inc. Join the discussion at JBoard.tv.